Nursing theorists and their work / (Record no. 216085)
[ view plain ]
| 000 -LEADER | |
|---|---|
| fixed length control field | 00762cam a2200253 4500 |
| 003 - CONTROL NUMBER IDENTIFIER | |
| control field | OSt |
| 005 - DATE AND TIME OF LATEST TRANSACTION | |
| control field | 20260113125553.0 |
| 008 - FIXED-LENGTH DATA ELEMENTS--GENERAL INFORMATION | |
| fixed length control field | 170404n 000 0 eng u |
| 020 ## - INTERNATIONAL STANDARD BOOK NUMBER | |
| International Standard Book Number | 9780323030106 |
| 020 ## - INTERNATIONAL STANDARD BOOK NUMBER | |
| International Standard Book Number | 0323030106 |
| 035 ## - SYSTEM CONTROL NUMBER | |
| System control number | (Sirsi) a202291 |
| 040 ## - CATALOGING SOURCE | |
| Original cataloging agency | LC |
| Transcribing agency | UNZA |
| Description conventions | RDA |
| 050 ## - LIBRARY OF CONGRESS CALL NUMBER | |
| Classification number | RT 84.5 |
| Item number | NUR 2006 |
| 245 ## - TITLE STATEMENT | |
| Title | Nursing theorists and their work / |
| Statement of responsibility, etc. | Ann Marriner Tomey; Martha Raile Alligood, |
| 250 ## - EDITION STATEMENT | |
| Edition statement | Sixth edition. |
| 260 ## - PUBLICATION, DISTRIBUTION, ETC. | |
| Place of publication, distribution, etc. | St. Louis : |
| Name of publisher, distributor, etc. | Elsevier, |
| Date of publication, distribution, etc. | 2006. |
| 300 ## - PHYSICAL DESCRIPTION | |
| Extent | xx, 828pages : |
| Other physical details | illustrations |
| 504 ## - BIBLIOGRAPHY, ETC. NOTE | |
| Bibliography, etc. note | Includes bibliographical references and index. |
| 650 ## - SUBJECT ADDED ENTRY--TOPICAL TERM | |
| Topical term or geographic name entry element | Nursing theory. |
| 650 ## - SUBJECT ADDED ENTRY--TOPICAL TERM | |
| Topical term or geographic name entry element | Models, Nursing. |
| 650 ## - SUBJECT ADDED ENTRY--TOPICAL TERM | |
| Topical term or geographic name entry element | Nurses biography. |
| 700 ## - ADDED ENTRY--PERSONAL NAME | |
| Personal name | Alligood, Martha Raile. |
| 942 ## - ADDED ENTRY ELEMENTS (KOHA) | |
| Source of classification or shelving scheme | Library of Congress Classification |
| Koha item type | Book |
| Withdrawn status | Lost status | Source of classification or shelving scheme | Damaged status | Not for loan | Home library | Current library | Shelving location | Date acquired | Total Checkouts | Full call number | Barcode | Date last seen | Copy number | Cost, replacement price | Price effective from | Koha item type | Collection code |
|---|---|---|---|---|---|---|---|---|---|---|---|---|---|---|---|---|---|
| Library of Congress Classification | Nursing Sciences | Nursing Sciences | On Shelf | 01/13/2026 | RT 84.5 NUR 2006 | 33729004876756 | 01/13/2026 | 1 | 300.00 | 01/13/2026 | Book | ||||||
| Library of Congress Classification | Nursing Sciences | Nursing Sciences | On Shelf | 01/13/2026 | RT 84.5 NUR 2006 | 33729004876632 | 01/13/2026 | 2 | 300.00 | 01/13/2026 | Book | Non-fiction | |||||
| Library of Congress Classification | Nursing Sciences | Nursing Sciences | On Shelf | 01/20/2026 | RT 84.5 NUR 2006 | 33729004877077 | 01/20/2026 | 3 | 300.00 | 01/20/2026 | Book | Non-fiction | |||||
| Library of Congress Classification | Nursing Sciences | Nursing Sciences | On Shelf | 01/20/2026 | RT 84.5 NUR 2006 | 33729004878679 | 01/20/2026 | 4 | 300.00 | 01/20/2026 | Book | Non-fiction |